| 000 | 02730cam a22003371i 4500 | ||
|---|---|---|---|
| 003 | SA-RiAUC | ||
| 005 | 20250709131605.0 | ||
| 008 | 250703s2014 su f f00010 ara c | ||
| 040 |
_aSA-MaUQU _bara _cSA-RiAUC _erda |
||
| 043 | _aa-su--- | ||
| 082 | 0 | 4 |
_a215.1 _qSA-RiAUC |
| 090 |
_a215.1 _bغ ا م |
||
| 100 | 1 |
_aالغامدي، عبد القادر بن محمد بن يحيى _eمؤلف. |
|
| 245 | 1 | 0 |
_aتنبيه الأمم على خطر الإلحاد في الحرم / _cتأليف عبد القادر بن محمد الغامدي. |
| 250 | _aالطبعة الثانية. | ||
| 264 | 1 |
_aمكة المكرمة : _bالرئاسة العامة لشؤون المسجد الحرام والمسجد النبوي، _c2014 |
|
| 300 |
_a88 صفحة ؛ _c20 سم. |
||
| 336 |
_aنص _btxt _2rdacontent _3كتاب |
||
| 337 |
_aبدون وسيط _bn _2rdamedia |
||
| 338 |
_aمجلد _bnc _2rdacarrier |
||
| 490 | 1 |
_aسلسلة أبحاث الحرمين العلمية / الرئاسة العامة لشؤون المسجد الحرام والمسجد النبوي ؛ _v3 |
|
| 610 | 2 | 7 |
_aالمسجد النبوي الشريف _xفضائل _2aucnm |
| 610 | 2 | 7 |
_aالمسجد الحرام _xفضائل _2aucnm |
| 650 | 7 |
_aالإسلام والإلحاد والملحدون _2aucsh |
|
| 650 | 7 |
_aالإلحاد والملحدون _zالسعودية _2aucsh |
|
| 830 | 0 |
_aسلسلة أبحاث الحرمين العلمية/ الرئاسة العامة لشؤون المسجد الحرام والمسجد النبوي _v3 |
|
| 856 |
_uhttp://saaid.net/book/21/15249.pdf _yDigital Copy _2 نرجو الانتباه لإمكانية وجود اختلاف في الطبعة أو الناشر بين البيانات على البوابة وما ستجده على الكتاب نظرا لمحدودية المعلومات المتاحة على الموقع الناشر للمادة. _3Please note that there may be a difference in the edition or publisher between the data on the portal and the book due to the limited information available on the publisher website for the material. |
||
| 856 |
_uhttp://saaid.net/book/open.php?cat=81&book=15177 _yExternal Link _2 نرجو الانتباه لإمكانية وجود اختلاف في الطبعة أو الناشر بين البيانات على البوابة وما ستجده على الكتاب نظرا لمحدودية المعلومات المتاحة على الموقع الناشر للمادة. _3Please note that there may be a difference in the edition or publisher between the data on the portal and the book due to the limited information available on the publisher website for the material. |
||
| 942 |
_2ddc _cBOOK _n0 |
||
| 949 |
_aSA-JeALM _d250703 _umohamedma123 _n1 |
||
| 999 |
_c9671 _d9671 |
||